000 00273 a2200121 4500
001 154371
040 _cEscola São Tomás de Aquino
100 _aLIMA, Mirna
240 1 0 _aPorta aberta
_lpor
245 1 0 _aPorta aberta
697 _aGEOGRAFIA GERAL / VIAGENS
942 _cBK
999 _c154371
_d154371